[Event "Challenge"]
[Site "http://www.queenalice.com/game.php?id=414897"]
[Date "2008.6.8"]
[Round "-"]
[White "bruno_borges"]
[Black "mikaio"]
[Result "0-1"]
[WhiteElo "1918"]
[BlackElo "1988"]

1. e4 c5 2. Nf3 Nc6 3. Bb5 d6 4. O-O g6 5. d4 cxd4 6. Nxd4 Qc7 7. Nxc6 bxc6 8.
Ba4 Bg7 9. c3 Nf6 10. Qe2 O-O 11. Bf4 a5 12. Nd2 Nd7 13. Nc4 Nc5 14. Bc2 Ba6 15.
b4 axb4 16. cxb4 Ne6 17. Bd2 d5 0-1

[Event "Challenge"]
[Site "http://www.queenalice.com/game.php?id=414898"]
[Date "2008.6.8"]
[Round "-"]
[White "mikaio"]
[Black "bruno_borges"]
[Result "0-1"]
[WhiteElo "1995"]
[BlackElo "1940"]

1. Nf3 Nf6 2. g3 b6 3. Bg2 Bb7 4. O-O e6 5. d4 c5 6. Bg5 cxd4 7. Qxd4 Nc6 8. Qc3
Be7 9. Na3 O-O 10. Rfd1 Ne4 11. Bxe7 Nxc3 12. Bxd8 Nxd1 13. Bxb6 axb6 14. Rxd1
d5 15. c4 Nb4 16. Ne5 Rfd8 17. e3 f6 18. Nd3 Nxd3 19. Rxd3 Ba6 20. Rd2 Bxc4 21.
b3 Ba6 22. Nc2 Bb7 23. Nd4 e5 24. Nb5 Ra5 25. Nc3 Kf7 26. Kf1 Ba6+ 27. Ke1 d4
28. Na4 Rd6 29. h4 Bb5 30. Nc3 Bc6 31. Bxc6 Rxc6 32. Ne4 d3 33. Rxd3 Rxa2 34. h5
Rc1+ 35. Rd1 Rxd1+ 36. Kxd1 Rb2 37. Nd2 b5 38. Kc1 Ra2 39. g4 g6 40. hxg6+ hxg6
41. f4 exf4 42. exf4 Ra1+ 43. Nb1 Ke6 44. Kb2 Rxb1+ 45. Kxb1 Kd5 46. Kc2 Ke4 47.
g5 f5 0-1

[Event "AUTO-MASTER-567"]
[Site "http://www.queenalice.com/game.php?id=434841"]
[Date "2008.7.17"]
[Round "1"]
[White "Artking"]
[Black "mikaio"]
[Result "1-0"]
[WhiteElo "1924"]
[BlackElo "1974"]

1. e4 e5 2. Nf3 Nc6 3. Bb5 d6 4. c3 Bd7 5. O-O Nf6 6. d3 Be7 7. h3 O-O 8. Nbd2
a6 9. Ba4 h6 10. Re1 Nh7 11. Nf1 f5 12. Bb3+ Kh8 13. exf5 Bxf5 14. Ng3 Bd7 15.
a4 Ng5 16. d4 Nxf3+ 17. gxf3 Bxh3 18. Qd3 Bg5 19. Bc2 e4 20. Rxe4 Bxc1 21. Re8
1-0

[Event "AUTO-MASTER-567"]
[Site "http://www.queenalice.com/game.php?id=434842"]
[Date "2008.7.17"]
[Round "1"]
[White "mikaio"]
[Black "Artking"]
[Result "1-0"]
[WhiteElo "1956"]
[BlackElo "1928"]

1. Nf3 Nf6 2. g3 g6 3. Bg2 Bg7 4. O-O O-O 5. d4 d6 6. Nbd2 Nbd7 7. e4 e5 8. c3
c6 9. Nb3 a6 10. Bg5 Qe8 11. Nfd2 Nh5 12. Nc4 b5 13. Nxd6 Qe6 14. dxe5 Bxe5 15.
Nf5 gxf5 16. Qxh5 c5 17. Bh6 Bg7 18. Bxg7 Kxg7 19. exf5 Qf6 20. Bxa8 Ne5 21. Bg2
Bxf5 22. Nxc5 Bg4 23. Qh4 Qd6 24. Ne4 Qg6 25. Qg5 Nd3 26. Qxg6+ 1-0

[Event "AUTO-MASTER-567"]
[Site "http://www.queenalice.com/game.php?id=434855"]
[Date "2008.7.17"]
[Round "1"]
[White "mikaio"]
[Black "trajan42"]
[Result "1/2-1/2"]
[WhiteElo "1993"]
[BlackElo "2141"]

1. e4 e6 2. Nf3 c5 3. Be2 d5 4. exd5 exd5 5. O-O Nf6 6. d4 Be7 7. Bf4 Nc6 8. c3
O-O 9. Re1 Bd6 10. Bg5 cxd4 11. Nxd4 Nxd4 12. Qxd4 Be7 13. Bd3 h6 14. Bh4 Be6
15. Nd2 Qc7 16. Nb3 Rfe8 17. a4 Nd7 18. Bg3 Bd6 19. Bxd6 Qxd6 20. Bc2 a6 21. Qd3
Nf6 22. Nd4 Bd7 23. h3 a5 24. Rad1 Rac8 25. Re3 Rxe3 26. Qxe3 Re8 27. Qd2 Qc7
28. Re1 Ne4 29. Qd3 Qf4 30. f3 Nf6 31. Rxe8+ Bxe8 32. Qe2 Qc1+ 33. Kh2 Qa1 34.
Nf5 Qxb2 35. Nd6 Kf8 36. Nxe8 Nxe8 37. Qd3 Nc7 38. c4 d4 39. Qf5 Ne6 40. Be4 Qb4
41. Bd5 b6 42. f4 Qe1 43. c5 g6 44. Qf6 bxc5 45. Qh8+ Ke7 46. Bc6 g5 47. Qe8+
Kf6 48. Qh8+ Kg6 49. Be8 gxf4 50. Qg8+ Kf6 51. Qxf7+ Ke5 52. Bd7 Qg3+ 53. Kh1
Qe1+ 1/2-1/2

[Event "AUTO-MASTER-567"]
[Site "http://www.queenalice.com/game.php?id=434856"]
[Date "2008.7.17"]
[Round "1"]
[White "trajan42"]
[Black "mikaio"]
[Result "1-0"]
[WhiteElo "2014"]
[BlackElo "2009"]

1. d4 Nf6 2. c4 e6 3. Nc3 Bb4 4. e3 b6 5. Nf3 Bb7 6. Be2 O-O 7. O-O Bxc3 8. bxc3
d6 9. Qc2 Nbd7 10. Bd3 h6 11. e4 e5 12. c5 bxc5 13. Rb1 Rb8 14. dxe5 Nxe5 15.
Nxe5 dxe5 16. f3 Qe7 17. Be3 Kh8 18. Rb5 Nd7 19. Rfb1 Ba8 20. Bxc5 Nxc5 21. Rxb8
Nxd3 22. Rxf8+ Qxf8 23. Qxd3 Qc5+ 24. Kh1 Bc6 25. Qd8+ Kh7 26. Qxc7 Qxc3 27.
Qxf7 a6 28. Qf5+ 1-0

[Event "AUTO-MASTER-567"]
[Site "http://www.queenalice.com/game.php?id=434857"]
[Date "2008.7.17"]
[Round "1"]
[White "mikaio"]
[Black "arvo1938"]
[Result "1-0"]
[WhiteElo "1992"]
[BlackElo "2013"]

1. c4 e5 2. Nc3 Nf6 3. d3 Bb4 4. g3 O-O 5. Bg2 d5 6. cxd5 Nxd5 7. Qc2 c6 8. Bd2
Be6 9. Nf3 Bxc3 10. bxc3 Na6 11. Nxe5 f6 12. Nf3 Nac7 13. O-O a5 14. Rab1 b5 15.
Nd4 Qd7 16. Nxe6 Nxe6 17. c4 bxc4 18. Qxc4 h6 19. Rfc1 Rfc8 20. Bh3 Rab8 21.
Rxb8 Rxb8 22. Bxe6+ Qxe6 23. Qxc6 Qxc6 24. Rxc6 Rb2 25. Bxa5 Rxe2 26. Rd6 Ne7
27. a3 Re5 28. Bb4 Nf5 29. Rd8+ Kh7 30. d4 Re4 31. d5 Rd4 32. d6 h5 33. Kg2 h4
34. Kf3 hxg3 35. hxg3 Rd1 36. Rc8 g5 37. Rc7+ Kg6 38. Rc8 Nd4+ 39. Ke3 Ne6 40.
Rc3 f5 41. Rd3 Rh1 42. d7 f4+ 43. gxf4 gxf4+ 44. Ke4 Kf7 45. d8=Q Nxd8 46. Rxd8
Rf1 47. Rf8+ Kg7 48. Rxf4 Rb1 49. Rf5 Kg6 50. f4 Rb2 51. Rf8 Re2+ 52. Kd5 Kg7
53. f5 Re3 54. f6+ Kg6 55. Be7 Kf5 56. a4 Re5+ 57. Kc4 Ke6 58. Kb4 Re1 59. Kb5
Rb1+ 60. Ka6 Ra1 61. a5 Rh1 62. Kb7 Rb1+ 63. Ka7 Rb2 64. a6 Rb1 65. Rb8 1-0

[Event "AUTO-MASTER-567"]
[Site "http://www.queenalice.com/game.php?id=434858"]
[Date "2008.7.17"]
[Round "1"]
[White "arvo1938"]
[Black "mikaio"]
[Result "0-1"]
[WhiteElo "1971"]
[BlackElo "1971"]

1. e4 c5 2. Nf3 Nc6 3. d4 cxd4 4. Nxd4 g6 5. c4 Bg7 6. Be3 Nf6 7. Nc3 O-O 8. Be2
a6 9. O-O e6 10. a3 d5 11. cxd5 exd5 12. exd5 Nxd5 13. Nxd5 Qxd5 14. Bf3 Qd7 15.
Nxc6 bxc6 16. Qc2 Bb7 17. Rac1 Rac8 18. Rfd1 Qe6 19. b4 Rfd8 20. Bb6 Rxd1+ 21.
Rxd1 Re8 22. h3 c5 23. Bxb7 Qxb6 24. Bd5 cxb4 25. axb4 Qxb4 26. Qc7 Re1+ 27.
Rxe1 Qxe1+ 28. Kh2 Be5+ 29. Qxe5 Qxe5+ 0-1

[Event "Challenge"]
[Site "http://www.queenalice.com/game.php?id=441295"]
[Date "2008.7.30"]
[Round "-"]
[White "ORNELAS"]
[Black "mikaio"]
[Result "0-1"]
[WhiteElo "1710"]
[BlackElo "1987"]

1. b3 Nf6 2. Bb2 c5 3. d4 cxd4 4. Bxd4 e6 5. Nf3 Nc6 6. Bb2 Be7 7. g3 O-O 8. Bg2
d5 9. a3 Qc7 10. b4 h6 11. Nbd2 b6 12. Nh4 Ne5 13. Ndf3 Nc4 14. Bd4 e5 15. Bc3
Ne3 16. fxe3 Qxc3+ 17. Kf1 Qxe3 18. Qd3 Ng4 19. Qxe3 Nxe3+ 20. Kf2 Ng4+ 21. Ke1
g5 22. Nxe5 gxh4 23. Bxd5 Bf6 24. Bxa8 Bxe5 25. gxh4 Bxa1 26. Bd5 Re8 27. Rf1
Bc3+ 28. Kd1 Ne3+ 29. Kc1 Nxf1 30. Kb1 Rxe2 31. Bf3 Nd2+ 32. Ka2 Re1 33. b5 Ra1#
0-1

[Event "Challenge"]
[Site "http://www.queenalice.com/game.php?id=442651"]
[Date "2008.8.2"]
[Round "-"]
[White "mikaio"]
[Black "REUSKING"]
[Result "0-1"]
[WhiteElo "1999"]
[BlackElo "2004"]

1. Nf3 d5 2. d4 Nf6 3. c4 e6 4. Nc3 Be7 5. Bg5 O-O 6. e3 Nbd7 7. Be2 c6 8. O-O
dxc4 9. Bxc4 Nd5 10. Bxe7 Qxe7 11. Bb3 Nxc3 12. bxc3 e5 13. Bc2 exd4 14. cxd4
Nf6 15. Re1 Bg4 16. h3 Bh5 17. e4 Bg6 18. Nd2 Qc7 19. Re3 Rad8 20. Nf3 Rfe8 21.
Qe2 Nd7 22. Nh4 Nb6 23. Nxg6 hxg6 24. Rd1 Rd7 25. f3 Red8 26. Red3 Nc4 27. Bb3
Na5 28. Bc2 Nc4 29. Bb3 Nd6 30. Qf2 a6 31. Qg3 Kf8 32. Qh4 Kg8 33. Qg4 Kf8 34.
Qf4 Nb5 35. Qxc7 Nxc7 36. d5 cxd5 37. exd5 f6 38. Kf2 b5 39. Rd4 Ne8 40. R1d2
Nd6 41. g4 Nf7 42. Bc2 g5 43. Bf5 Rd6 44. Be6 Ne5 45. Kg3 Nc4 46. R2d3 a5 47.
Rb3 Rxe6 48. Rxb5 Rb6 49. Rc5 Ne5 50. Rxa5 Rb2 51. Ra6 Rc8 52. d6 Rd8 53. Rd1
Re2 54. a4 Re3 55. a5 Rxf3+ 56. Kg2 Ra3 57. Rc1 Rd3 58. Ra7 R3xd6 59. a6 Rd2+
60. Kg1 Rd1+ 61. Rxd1 Rxd1+ 62. Kf2 Ra1 63. Ra8+ Kf7 64. a7 Ra5 0-1

[Event "Challenge"]
[Site "http://www.queenalice.com/game.php?id=466048"]
[Date "2008.9.20"]
[Round "-"]
[White "SirKnight"]
[Black "mikaio"]
[Result "1-0"]
[WhiteElo "2085"]
[BlackElo "1983"]

1. e4 c5 2. Nf3 Nc6 3. d4 cxd4 4. Nxd4 g6 5. Be3 Bg7 6. Nc3 Nf6 7. f3 a6 8. Qd2
O-O 9. O-O-O Qa5 10. Kb1 b5 11. Nb3 Qc7 12. Nd5 Nxd5 13. exd5 Ne5 14. Na5 b4 15.
Nb3 a5 16. d6 exd6 17. Qxd6 Qxd6 18. Rxd6 Nc6 19. Bb5 Re8 20. Bc1 Ne5 21. f4 Ng4
22. Nc5 Nh6 23. Bxd7 Bxd7 24. Rxd7 Nf5 25. Rhd1 a4 26. Rb7 Rec8 27. Ne4 a3 28.
Rxb4 axb2 29. Bxb2 Rab8 30. Rb3 Ne3 31. Rdd3 Bxb2 32. Rxe3 Bg7 33. Ng3 Bh6 34.
Ne2 Rxb3+ 35. axb3 Ra8 36. g3 Bg7 37. c3 Rd8 38. Kc2 Ra8 39. b4 Bf8 40. Kb3 Ra1
41. Kc4 Ra2 42. h3 Rd2 43. g4 Bh6 44. g5 Bf8 45. Nd4 h6 46. gxh6 Bxh6 47. Rf3
Rd1 48. f5 1-0

[Event "Challenge"]
[Site "http://www.queenalice.com/game.php?id=466049"]
[Date "2008.9.20"]
[Round "-"]
[White "mikaio"]
[Black "SirKnight"]
[Result "1/2-1/2"]
[WhiteElo "1971"]
[BlackElo "2082"]

1. Nf3 Nf6 2. g3 g6 3. Bg2 Bg7 4. O-O O-O 5. d4 d5 6. Bg5 Nc6 7. Nbd2 h6 8. Be3
Ng4 9. c4 Nxe3 10. fxe3 Be6 11. Qc2 dxc4 12. Nxc4 Bd5 13. Rad1 Qc8 14. e4 Bxc4
15. Qxc4 Qd7 16. Kh1 Rfd8 17. d5 Ne5 18. Nxe5 Bxe5 19. b3 Qd6 20. Rf3 Kg7 21.
Bh3 a6 22. Rdf1 Rf8 23. a4 Rab8 24. Rc1 b5 25. Qc6 Qxc6 26. Rxc6 bxa4 27. bxa4
Rb6 28. Rc4 Rfb8 29. Rf1 Rb4 30. Rfc1 Rxc4 31. Rxc4 Bd6 32. Kg2 Rb4 33. Rxb4
Bxb4 34. Bc8 a5 35. Kf3 Kf6 36. Bd7 Ke5 37. Be8 Kf6 38. Kf4 Kg7 39. h4 Be1 40.
e5 f6 41. exf6+ exf6 42. e4 Bb4 1/2-1/2

[Event "AUTO-MASTER-567"]
[Site "http://www.queenalice.com/game.php?id=481486"]
[Date "2008.10.23"]
[Round "2"]
[White "edvz"]
[Black "mikaio"]
[Result "1-0"]
[WhiteElo "2200"]
[BlackElo "1964"]

1. e4 c5 2. Nf3 d6 3. d4 cxd4 4. Nxd4 Nc6 5. Nc3 a6 6. Bc4 g6 7. Be3 Bg7 8. Qd2
Nf6 9. f3 O-O 10. h4 Qa5 11. O-O-O Nxd4 12. Bxd4 Bd7 13. g4 b5 14. Bb3 Qc7 15.
Nd5 Nxd5 16. Bxg7 Kxg7 17. Qxd5 Kg8 18. Qd2 Kg7 19. h5 Rh8 20. Qd4+ f6 21. h6+
Kf8 22. Qd5 1-0

[Event "AUTO-MASTER-567"]
[Site "http://www.queenalice.com/game.php?id=481487"]
[Date "2008.10.23"]
[Round "2"]
[White "mikaio"]
[Black "edvz"]
[Result "0-1"]
[WhiteElo "1926"]
[BlackElo "2211"]

1. Nf3 d5 2. g3 Nf6 3. Bg2 g6 4. O-O Bg7 5. d4 O-O 6. c4 dxc4 7. Nc3 c6 8. a4
Na6 9. Bg5 Nc7 10. e4 h6 11. Be3 Ng4 12. Qc2 Nxe3 13. fxe3 f5 14. Nh4 Qe8 15.
exf5 gxf5 16. Nxf5 Bxf5 17. Rxf5 e6 18. Rxf8+ Qxf8 19. Rf1 Qe8 20. Be4 Nd5 21.
Nxd5 exd5 22. Bh7+ Kh8 23. Rf3 Qe7 24. Qg6 Rf8 25. Rxf8+ Qxf8 26. Qf5 Qe7 27.
Bg6 Qxe3+ 28. Kf1 Qc1+ 29. Kg2 Qxb2+ 30. Kh3 Qb4 31. Qc8+ Bf8 32. Qb8 Qe7 33.
Qf4 Kg7 34. Bh5 Qd7+ 35. Bg4 Qd6 36. Qf5 a5 37. Qc8 Qe7 38. Qf5 Qf7 39. Qb1 Bb4
40. Qd1 b5 41. axb5 cxb5 42. Qe2 Bd6 43. Bh5 Qf5+ 44. Bg4 Qe4 45. Qb2 b4 46. Qa1
b3 47. Qxa5 b2 48. Qd8 Be7 0-1

[Event "AUTO-MASTER-567"]
[Site "http://www.queenalice.com/game.php?id=481490"]
[Date "2008.10.23"]
[Round "2"]
[White "arauca"]
[Black "mikaio"]
[Result "1-0"]
[WhiteElo "2233"]
[BlackElo "1975"]

1. e4 e5 2. Nf3 Nc6 3. d4 exd4 4. Nxd4 Nxd4 5. Qxd4 b6 6. Bc4 Bb7 7. Nc3 Qf6 8.
Be3 O-O-O 9. O-O h5 10. a4 Bd6 11. f4 Qxd4 12. Bxd4 Nh6 13. Bxg7 Rh7 14. Bd4 c5
15. Bf6 Rg8 16. Rad1 Bc7 17. h3 Rg6 18. Bh4 Nf5 19. exf5 Bxg2 20. fxg6 1-0

[Event "AUTO-MASTER-567"]
[Site "http://www.queenalice.com/game.php?id=481491"]
[Date "2008.10.23"]
[Round "2"]
[White "mikaio"]
[Black "arauca"]
[Result "0-1"]
[WhiteElo "1969"]
[BlackElo "2234"]

1. e4 e5 2. Nf3 Nc6 3. Bb5 f5 4. Bxc6 dxc6 5. Nxe5 Qd4 6. Qh5+ g6 7. Nxg6 hxg6
8. Qxg6+ Kd8 9. d3 Ne7 10. Qg3 fxe4 11. Nc3 exd3 12. Be3 d2+ 13. Bxd2 Rg8 14.
Qe3 Qxe3+ 15. Bxe3 Rxg2 16. O-O-O+ Ke8 17. h4 Bg4 18. Rhg1 Rxg1 19. Rxg1 Bh5 20.
Ne4 Nd5 21. Bd2 b5 22. Rg5 Bf3 23. Ng3 Rd8 24. h5 Be7 25. Re5 Kd7 26. h6 Bf6 27.
Rf5 Bg4 0-1

[Event "AUTO-MASTER-567"]
[Site "http://www.queenalice.com/game.php?id=481494"]
[Date "2008.10.23"]
[Round "2"]
[White "mikaio"]
[Black "trajan42"]
[Result "0-1"]
[WhiteElo "1930"]
[BlackElo "2238"]

1. d4 Nf6 2. c4 e6 3. Nc3 Bb4 4. Bg5 h6 5. Bh4 c5 6. Nf3 cxd4 7. Nxd4 O-O 8. Qc2
Nc6 9. Nf3 g5 10. Bg3 Qa5 11. a3 Ne4 12. Rc1 Bxc3+ 13. bxc3 f5 14. h3 Nxg3 15.
fxg3 Qxa3 16. e3 Qc5 17. Qd2 b6 18. Be2 Na5 19. Qd4 Nb3 20. Qxc5 Nxc5 21. Nd2
Bb7 22. O-O d6 23. Bf3 Kg7 24. Rfd1 Kf6 25. Bxb7 Nxb7 26. Nb3 Rfc8 27. Nd4 Rxc4
28. Nb5 d5 29. Rf1 Ke5 30. Kf2 Nc5 31. Ke2 Ne4 32. Kf3 a6 33. Nd4 Nd2+ 34. Ke2
Nxf1 35. Kxf1 b5 36. Ke2 Rac8 37. Kd3 b4 0-1

[Event "AUTO-MASTER-567"]
[Site "http://www.queenalice.com/game.php?id=481495"]
[Date "2008.10.23"]
[Round "2"]
[White "trajan42"]
[Black "mikaio"]
[Result "1-0"]
[WhiteElo "2227"]
[BlackElo "1957"]

1. d4 Nf6 2. c4 e6 3. Nc3 Bb4 4. e3 b6 5. Ne2 Bb7 6. a3 Bxc3+ 7. Nxc3 O-O 8. Bd3
d5 9. O-O Nbd7 10. cxd5 Nxd5 11. Nxd5 Bxd5 12. Qc2 h6 13. e4 Bb7 14. b4 Nf6 15.
Bb2 Rc8 16. Rac1 Qe7 17. Rfe1 c5 18. bxc5 bxc5 19. dxc5 Bc6 20. Be5 Nd7 21. Bd6
Qg5 22. f4 Qd8 23. Ba6 Ra8 24. Bxf8 Qxf8 25. e5 Nb8 26. Bd3 a5 27. Bh7+ Kh8 28.
Be4 Qc8 29. Red1 Bxe4 30. Qxe4 Qc6 31. Rd8+ 1-0

[Event "Fun with chess"]
[Site "http://www.queenalice.com/game.php?id=499478"]
[Date "2008.11.28"]
[Round "1"]
[White "razoman"]
[Black "mikaio"]
[Result "1-0"]
[WhiteElo "1810"]
[BlackElo "1952"]

1. e4 c5 2. Nf3 Nc6 3. Bb5 d6 4. Bxc6+ bxc6 5. h3 g6 6. d3 Bg7 7. c3 Qc7 8. O-O
Nf6 9. Re1 O-O 10. Bg5 Rb8 11. Qc1 Qb6 12. b3 Ba6 13. e5 Nd5 14. e6 fxe6 15.
Rxe6 Bxd3 16. Bxe7 Rxf3 17. gxf3 Nf4 18. Qxf4 Bf5 19. Rxd6 Re8 20. Bf6 c4 21.
Qxc4+ Kh8 22. Bxg7+ Kxg7 23. Nd2 Bxh3 24. Rxc6 Qd8 25. Rc7+ Kh6 26. Qf4+ 1-0

[Event "Fun with chess"]
[Site "http://www.queenalice.com/game.php?id=574477"]
[Date "2009.4.19"]
[Round "2"]
[White "mikaio"]
[Black "Janivgm"]
[Result "1-0"]
[WhiteElo "1921"]
[BlackElo "1815"]

1. Nf3 Nc6 2. g3 e5 3. d3 d5 4. Bg2 Nf6 5. O-O Bf5 6. Bg5 h6 7. Bxf6 Qxf6 8.
Nbd2 O-O-O 9. a4 a5 10. c4 e4 11. Nh4 Bb4 12. Nxf5 Qxf5 13. cxd5 Qxd5 14. Nxe4
Qd4 15. Nc3 Bxc3 16. bxc3 Qxc3 17. Rc1 Qf6 18. Bxc6 bxc6 19. Qc2 Rd6 20. Qc5 Qg5
21. Qxg5 hxg5 22. Rc5 Rd5 23. Rfc1 Re8 24. Rxc6 Re7 25. Kf1 Kb7 26. R6c5 Red7
27. Rb1+ Ka6 28. Rbb5 Rxc5 29. Rxc5 f6 30. Kg2 Rd4 31. Rxc7 Rxa4 32. Rxg7 Rd4
33. Kf3 Kb5 34. Rb7+ Ka4 35. Rb1 Ka3 36. Ra1+ Kb4 37. Ke3 Rd5 38. d4 f5 39. Kd3
Kb3 40. Rb1+ Ka2 41. Rb8 a4 42. Kc4 Rd7 43. d5 a3 44. Kc5 Ka1 45. Kc6 Re7 46. d6
Rxe2 47. d7 Rc2+ 48. Kb7 a2 49. d8=Q Rb2+ 50. Ka7 Kb1 51. Qd1# 1-0

[Event "Fun with chess"]
[Site "http://www.queenalice.com/game.php?id=616766"]
[Date "2009.7.10"]
[Round "3"]
[White "kako"]
[Black "mikaio"]
[Result "0-1"]
[WhiteElo "1726"]
[BlackElo "1935"]

1. d4 Nf6 2. Bf4 e6 3. Nc3 Bb4 4. Bd2 b6 5. a3 Bxc3 6. Bxc3 Bb7 7. Nf3 O-O 8. e3
Na6 9. Be2 Qe7 10. O-O Nd5 11. Bd2 c5 12. c4 Ndc7 13. Bc3 d5 14. b3 Rad8 15. Qd3
dxc4 16. bxc4 cxd4 17. exd4 Nc5 18. Qc2 Ne4 19. Bb4 Qf6 20. Bxf8 Kxf8 21. Rad1
Ng5 22. Qb3 Ne8 23. d5 Nxf3+ 24. Bxf3 exd5 25. cxd5 Nd6 26. Rd2 g6 27. Re1 Nf5
28. a4 Kg8 29. Qc4 Qg5 30. Rd3 Rc8 31. Qg4 Qf6 32. Red1 Ba6 33. R3d2 Rc4 34. Be4
Nd6 35. Re2 Rxa4 36. Ree1 h5 37. Qf3 Nxe4 38. Qxf6 Nxf6 39. d6 Bb5 40. Re3 Bd7
41. h3 Rb4 42. Ra3 a5 43. Rdd3 a4 44. Rf3 Kg7 45. Kh2 b5 46. Rae3 Rd4 47. Rd3
Rxd3 48. Rxd3 b4 49. Rd4 b3 50. Rb4 Ne4 51. Rb7 Nc5 52. Rc7 b2 53. Rxc5 b1=Q 54.
Rc7 Qb5 55. f3 Qe5+ 56. Kh1 Qxd6 57. Ra7 h4 58. Ra5 a3 0-1

[Event "Challenge"]
[Site "http://www.queenalice.com/game.php?id=628478"]
[Date "2009.8.1"]
[Round "-"]
[White "ORNELAS"]
[Black "mikaio"]
[Result "0-1"]
[WhiteElo "1698"]
[BlackElo "1943"]

1. d4 Nf6 2. Nf3 b6 3. c4 Bb7 4. d5 e6 5. Nc3 Bb4 6. a3 Bxc3+ 7. bxc3 exd5 8.
Bg5 dxc4 9. g3 h6 10. Bf4 O-O 11. Bg2 d6 12. Qc1 Kh7 13. Qc2+ Be4 14. Qa4 d5 15.
O-O Nbd7 16. Rad1 Nc5 17. Qb5 Nb3 18. Be5 Qe7 19. Qc6 Ng4 20. Bf4 g5 21. Bxg5
hxg5 22. h3 Ne5 23. Nxe5 Qxe5 24. Bxe4+ Qxe4 25. Qf6 Qg6 26. Qe7 c6 27. Qe3 Rae8
28. Qf3 Kg7 29. e3 Nc5 30. Qg4 Nd3 31. Rd2 Rh8 32. Qd4+ f6 33. Qg4 Ne5 34. Qe2
Rxh3 35. Kg2 Qh6 36. Rg1 Rh8 37. Qd1 Rh2+ 38. Kf1 Qh3+ 39. Ke2 Qf5 40. Rf1 Qf3+
41. Ke1 Qe4 42. Rd4 Nd3+ 43. Kd2 Qf5 44. Qe2 Rxf2 45. Rxf2 Qxf2 46. Qxf2 Nxf2
47. Ke2 Nd3 48. Kf3 Kg6 49. e4 Rh2 50. exd5 Ne1+ 51. Ke3 Nc2+ 52. Ke4 Nxd4 53.
Kxd4 Rd2+ 54. Kxc4 Rxd5 55. a4 Kf5 56. Kb3 Kg4 57. Kc4 Kxg3 58. Kb3 Kf3 59. Kc4
Ke3 60. Kb3 Kd3 61. c4 Rc5 62. Kb2 Rxc4 63. Kb3 a5 64. Ka3 Kc2 65. Ka2 Rxa4# 0-1

[Event "Fun with chess"]
[Site "http://www.queenalice.com/game.php?id=663132"]
[Date "2009.10.5"]
[Round "4"]
[White "mikaio"]
[Black "SalsaQueen"]
[Result "1-0"]
[WhiteElo "1949"]
[BlackElo "1829"]

1. Nf3 d5 2. g3 Nf6 3. Bg2 Nc6 4. d4 h6 5. O-O Be6 6. a4 a5 7. Bf4 g5 8. Be5
Nxe5 9. Nxe5 Ng4 10. Nd3 b6 11. c3 Bf5 12. Qb3 e6 13. h3 Nf6 14. Ne5 Bd6 15.
Qb5+ Nd7 16. Nd2 Bxe5 17. dxe5 O-O 18. e4 dxe4 19. Nxe4 Bxe4 20. Bxe4 Rb8 21.
Rad1 f5 22. Bc6 g4 23. Rxd7 Qc8 24. Rfd1 h5 25. h4 Kh8 26. Qc4 Rd8 27. Rxd8+
Qxd8 28. Rxd8+ Rxd8 29. Qxe6 Rd1+ 30. Kg2 Re1 31. Qxf5 1-0

[Event "Fun with chess"]
[Site "http://www.queenalice.com/game.php?id=715537"]
[Date "2010.1.17"]
[Round "5"]
[White "pajabraba69"]
[Black "mikaio"]
[Result "1-0"]
[WhiteElo "2043"]
[BlackElo "1960"]

1. e4 c5 2. Nf3 Nc6 3. d4 cxd4 4. Nxd4 Nf6 5. Nc3 e6 6. Ndb5 d6 7. Bf4 e5 8. Bg5
a6 9. Bxf6 gxf6 10. Na3 Be6 11. Nc4 b5 12. Ne3 Nd4 13. Ncd5 1-0